Tăng năng suất lao động theo Mác - Lênin ý nghĩa thời đại và sự phát triển hiện nay /

محفوظ في:
التفاصيل البيبلوغرافية
المؤلف الرئيسي: Nguyễn Minh Quang, TS.
التنسيق: مقال
اللغة:Vietnamese
الموضوعات:
الوسوم: إضافة وسم
لا توجد وسوم, كن أول من يضع وسما على هذه التسجيلة!
Thư viện lưu trữ: Thư viện Trường Đại học Đà Lạt
LEADER 00846nam a2200265 4500
001 DLU140166098
005 ##20141211
040 # # |a DLU  |b vie 
041 # # |a vie 
044 # # |a vn 
100 # # |a Nguyễn Minh Quang,   |c TS. 
245 # # |a Tăng năng suất lao động theo Mác - Lênin ý nghĩa thời đại và sự phát triển hiện nay /  |c Nguyễn Minh Quang. 
653 # # |a Chủ nghĩa Mác - Lênin 
653 # # |a Năng suất lao động 
653 # # |a Tăng trưởng kinh tế 
773 # # |t Nghiên cứu Kinh tế  |g Số 4(419), 2013, tr.23-29 
920 # # |a Phòng Tạp chí -- Trung tâm Thông tin - Thư viện Trường Đại học Đà Lạt 
994 # # |a DLU 
900 # # |a True 
911 # # |a Trần Thị Minh Hương 
925 # # |a G 
926 # # |a A 
927 # # |a BB 
980 # # |a Thư viện Trường Đại học Đà Lạt